[Event "Erkenschwick - Münster"]
[Site "?"]
[Date "2024.04.28"]
[Round "9.1"]
[White "Holtel, Jasper"]
[Black "Nijboer, Friso"]
[Result "1/2-1/2"]
[WhiteElo "2330"]
[BlackElo "2473"]
[PlyCount "88"]
[EventDate "2024.??.??"]
[SourceVersionDate "2023.09.04"]

1. c4 g6 2. g3 Bg7 3. Bg2 e5 4. Nc3 d6 5. Nf3 f5 6. d3 Ne7 7. O-O O-O 8. Rb1 Nd7 9. Bg5 c6 10. Qd2 Nc5 11. b4 Ne6 12. Bxe7 Qxe7 13. b5 Bd7 14. bxc6 bxc6 15. e3 Qf6 16. Ne1 Rab8 17. Nc2 e4 18. Ne2 Ng5 19. h4 Nf3+ 20. Bxf3 exf3 21. Ned4 c5 22. Nxf3 Bc6 23. Qe2 Qc3 24. Ng5 Rfe8 25. Nh3 d5 26. cxd5 Bxd5 27. a3 c4 28. Nb4 cxd3 29. Qxd3 Be4 30. Qxc3 Bxc3 31. Rbc1 Bb2 32. Rc7 Bxa3 33. Nc6 Bxc6 34. Rxc6 a5 35. Ra1 Bb4 36. Nf4 Rbc8 37. Rxc8 Rxc8 38. Nd5 Rb8 39. Kf1 Kf7 40. Ke2 Ke6 41. Nxb4 axb4 42. Kd3 Rd8+ 43. Kc2 Ke5 44. Ra7 Ke4 1/2-1/2

[Event "Erkenschwick - Münster"]
[Site "?"]
[Date "2024.04.28"]
[Round "9.2"]
[White "Ris, Robert"]
[Black "Schmitzer, Klaus"]
[Result "1-0"]
[WhiteElo "2437"]
[BlackElo "2165"]
[PlyCount "113"]
[EventDate "2024.??.??"]
[SourceVersionDate "2023.09.04"]

1. e4 c6 2. d4 d5 3. exd5 cxd5 4. c4 Nf6 5. Nc3 g6 6. cxd5 Nxd5 7. Bc4 Nb6 8. Bb3 Bg7 9. Nf3 O-O 10. O-O Nc6 11. d5 Na5 12. h3 Bf5 13. Re1 Re8 14. Ne5 Nxb3 15. axb3 a6 16. g4 Bd7 17. Qf3 f6 18. Nxd7 Nxd7 19. Bf4 Qb6 20. Na4 Qb5 21. Rac1 Rad8 22. Kg2 Ne5 23. Bxe5 fxe5 24. Rc5 Qd7 25. Nc3 Rf8 26. Qe2 Rf4 27. Ne4 Rdf8 28. Qd3 h5 29. f3 Rxf3 30. Qxf3 Rxf3 31. Kxf3 b6 32. Rc6 hxg4+ 33. hxg4 Qxd5 34. Rxb6 Bf6 35. g5 Bg7 36. Kg2 Kf7 37. Rxa6 Qxb3 38. Rf1+ Bf6 39. gxf6 Qc2+ 40. Nf2 Qxb2 41. fxe7 Qb7+ 42. Ne4+ Kxe7 43. Ra4 Qb6 44. Rfa1 Qb2+ 45. Kg3 Qb3+ 46. Kg4 Qe3 47. Ra7+ Ke8 48. R1a4 Qf4+ 49. Kh3 Qf1+ 50. Kh2 Qe2+ 51. Kg3 Qe3+ 52. Kg2 Qe2+ 53. Nf2 Qd2 54. Rh7 Qd5+ 55. Kh2 Qf3 56. Ra8+ Qxa8 57. Rh8+ 1-0

[Event "Erkenschwick - Münster"]
[Site "?"]
[Date "2024.04.28"]
[Round "9.3"]
[White "Chilla, Jan Eric"]
[Black "De Vreugt, Dennis"]
[Result "0-1"]
[WhiteElo "2235"]
[BlackElo "2419"]
[PlyCount "138"]
[EventDate "2024.??.??"]
[SourceVersionDate "2023.09.04"]

1. Nf3 c5 2. b3 d6 3. e3 Nf6 4. d4 g6 5. Bb2 Bg7 6. dxc5 Qa5+ 7. Qd2 Qxc5 8. c4 O-O 9. Nc3 b6 10. Be2 Bb7 11. O-O Nbd7 12. Rac1 Rac8 13. Rfd1 Qf5 14. Nd4 Qg5 15. Bf3 Bxf3 16. Nxf3 Qh5 17. Nd5 Rfe8 18. Nxf6+ Nxf6 19. Qe2 Rc5 20. Nd4 Rec8 21. h3 a6 22. Qxh5 Nxh5 23. g4 Nf6 24. Ne2 Nd7 25. Bxg7 Kxg7 26. Kg2 h6 27. f4 f5 28. Kf3 Nf6 29. Rg1 Kf7 30. Rcd1 Ne4 31. Rg2 b5 32. gxf5 gxf5 33. cxb5 axb5 34. Nd4 Nf6 35. b4 Rd5 36. Rdg1 Rc3 37. Ke2 Ke8 38. Rg6 Ra3 39. Ra1 h5 40. Rg5 Ne4 41. Rg8+ Kf7 42. Rb8 h4 43. Rc8 Ng3+ 44. Kf2 e5 45. Rac1 Rxa2+ 46. Ke1 Ra7 47. Nf3 Rd3 48. Ng5+ Kg7 49. R1c7+ Rxc7 50. Rxc7+ Kg6 51. Kf2 Rd2+ 52. Kg1 exf4 53. exf4 Ne2+ 54. Kf2 Nxf4+ 55. Ke3 Rb2 56. Kxf4 Rxb4+ 57. Ke3 Kxg5 58. Rd7 Rb3+ 59. Ke2 Rxh3 60. Rxd6 b4 61. Rb6 b3 62. Kf2 Rc3 63. Rb4 Rc2+ 64. Ke3 b2 65. Kd3 Rg2 66. Ke3 h3 67. Kf3 Rc2 68. Kg3 h2 69. Rg4+ Kf6 0-1

[Event "Erkenschwick - Münster"]
[Site "?"]
[Date "2024.04.28"]
[Round "9.4"]
[White "Erwich, Frank"]
[Black "Wichtrup, Jan-Louis"]
[Result "1/2-1/2"]
[WhiteElo "2381"]
[BlackElo "2120"]
[PlyCount "157"]
[EventDate "2024.??.??"]
[SourceVersionDate "2023.09.04"]

1. e4 e5 2. Nf3 Nc6 3. Bc4 Bc5 4. Nc3 Nf6 5. d3 a6 6. Be3 d6 7. a3 Bxe3 8. fxe3 Be6 9. Qe2 d5 10. exd5 Nxd5 11. Ne4 Qe7 12. Nfg5 O-O 13. O-O h6 14. Nxe6 fxe6 15. b4 a5 16. b5 Na7 17. a4 Rxf1+ 18. Rxf1 Nc8 19. Bb3 Nd6 20. Nxd6 cxd6 21. d4 Qg5 22. Bxd5 exd5 23. Qf3 exd4 24. exd4 Rc8 25. h4 Qxh4 26. Qxd5+ Kh8 27. Qxd6 Kh7 28. Qe5 Qg4 29. Rf4 Qd1+ 30. Kh2 Qxc2 31. Rf7 Qg6 32. Rxg7+ Qxg7 33. Qf5+ Qg6 34. Qd7+ Qg7 35. Qf5+ Qg6 36. Qd7+ Qg7 37. Qxc8 Qxd4 38. Qxb7+ Kh8 39. Qa8+ Kg7 40. Qb7+ Kh8 41. Qc8+ Kg7 42. Qc7+ Kh8 43. Qc1 Kg7 44. Qe1 Kh8 45. Qe6 Qh4+ 46. Qh3 Qf4+ 47. g3 Qe3 48. Qc8+ Kg7 49. Qg4+ Kh8 50. Qf4 Qe2+ 51. Kg1 Qe1+ 52. Kg2 Qe2+ 53. Qf2 Qe4+ 54. Kh2 Qe5 55. b6 Qh5+ 56. Kg2 Qd5+ 57. Qf3 Qa2+ 58. Qf2 Qd5+ 59. Qf3 Qa2+ 60. Kh3 Qe6+ 61. Kh4 Qxb6 62. Qf8+ Kh7 63. Qf7+ Kh8 64. Qf8+ Kh7 65. Qf5+ Kg7 66. Kh5 Qd6 67. Qg4+ Kh7 68. Qe4+ Kg7 69. Qb7+ Kh8 70. Qa8+ Kg7 71. Qa7+ Kf6 72. Qf2+ Kg7 73. Qb2+ Kh7 74. Qc2+ Kg7 75. Qc3+ Kf7 76. Qf3+ Kg7 77. Qg4+ Kh7 78. Qf5+ Kg7 79. Qg4+ 1/2-1/2

[Event "Erkenschwick - Münster"]
[Site "?"]
[Date "2024.04.28"]
[Round "9.5"]
[White "Muschik, Benedikt"]
[Black "Spriestersbach, Kai"]
[Result "1-0"]
[WhiteElo "2269"]
[BlackElo "2288"]
[PlyCount "75"]
[EventDate "2024.??.??"]
[SourceVersionDate "2023.09.04"]

1. d4 Nf6 2. Nf3 g6 3. Bg5 Bg7 4. Nbd2 d5 5. c3 O-O 6. e3 Nbd7 7. Be2 c5 8. O-O Qb6 9. Qb3 c4 10. Qa3 Re8 11. b3 cxb3 12. axb3 e5 13. h3 e4 14. Nh2 Nf8 15. c4 Be6 16. Rfc1 h6 17. Bf4 Rec8 18. Ng4 Nxg4 19. hxg4 Nd7 20. cxd5 Rxc1+ 21. Rxc1 Bxd5 22. Rc7 Qe6 23. Qd6 Qxd6 24. Bxd6 Nb6 25. Bc4 Nxc4 26. bxc4 Be6 27. Rxb7 f5 28. gxf5 gxf5 29. Rc7 a5 30. Nb1 Rc8 31. d5 Rxc7 32. Bxc7 Bc8 33. Bxa5 Ba6 34. c5 Bd3 35. d6 Bxb1 36. c6 Bd3 37. d7 Bf6 38. c7 1-0

[Event "Erkenschwick - Münster"]
[Site "?"]
[Date "2024.04.28"]
[Round "9.6"]
[White "Jonkman, Harmen"]
[Black "Wolter, Kai"]
[Result "1/2-1/2"]
[WhiteElo "2324"]
[BlackElo "2156"]
[PlyCount "105"]
[EventDate "2024.??.??"]
[SourceVersionDate "2023.09.04"]

1. e4 c5 2. Nf3 e6 3. c3 d5 4. exd5 Qxd5 5. d4 Nf6 6. Nbd2 cxd4 7. Bc4 Qd6 8. Nxd4 a6 9. O-O Be7 10. Re1 O-O 11. Qe2 Nc6 12. N2f3 b5 13. Nxc6 Qxc6 14. Ne5 Qb6 15. Bb3 Bb7 16. Be3 Bc5 17. Bxc5 Qxc5 18. Rad1 Rae8 19. a3 Re7 20. Rd4 Bd5 21. Bc2 Rc7 22. Qd3 g6 23. Qd2 Kg7 24. h4 Qe7 25. h5 Nxh5 26. Ng4 Nf6 27. Qh6+ Kg8 28. Ne5 Rd8 29. Rf4 Bc4 30. g4 Rf8 31. Re3 Nd5 32. Rh3 f5 33. Rd4 Qg7 34. Qxg7+ Kxg7 35. g5 Nb6 36. Rdh4 Rh8 37. Bd1 Bd5 38. Rh6 Rcc8 39. b3 Rcd8 40. Kf1 Be4 41. Be2 Nd5 42. c4 Nf4 43. R3h4 Nxe2 44. Kxe2 bxc4 45. bxc4 Bc2 46. Rh1 f4 47. Rc1 Bf5 48. Kf3 Rd4 49. Rh4 Re4 50. Rd1 Rxe5 51. Rd7+ Kg8 52. Rd8+ Kg7 53. Rd7+ 1/2-1/2

[Event "Erkenschwick - Münster"]
[Site "?"]
[Date "2024.04.28"]
[Round "9.7"]
[White "Rott, Georg"]
[Black "Van Beek, Alexander"]
[Result "0-1"]
[WhiteElo "2113"]
[BlackElo "2300"]
[PlyCount "90"]
[EventDate "2024.??.??"]
[SourceVersionDate "2023.09.04"]

1. e4 e5 2. Nf3 Nc6 3. Bb5 a6 4. Bxc6 dxc6 5. O-O Qf6 6. d4 exd4 7. Bg5 Qd6 8. Nxd4 Be7 9. Be3 Nf6 10. f3 c5 11. Nb3 b6 12. Nc3 Bb7 13. a4 O-O-O 14. a5 b5 15. Qe1 Qc6 16. Qf2 c4 17. Nd4 Qe8 18. Nce2 Rg8 19. b3 cxb3 20. cxb3 g5 21. Rfc1 Bd6 22. Nf5 Be5 23. Ra2 g4 24. Neg3 gxf3 25. gxf3 Kb8 26. Rac2 Rd7 27. Rc5 h5 28. Qc2 h4 29. Nxh4 Bxg3 30. hxg3 Rxg3+ 31. Ng2 Nxe4 32. Rxc7 Rxf3 33. Bf4 Rxf4 34. Nxf4 Rd2 35. Rxb7+ Kxb7 36. Qc7+ Ka8 37. Rc6 Qg8+ 38. Ng6 Rd6 39. Kf1 fxg6 40. Rxd6 Qf8+ 41. Ke2 Qxd6 42. Qc8+ Ka7 43. Kf3 Nd2+ 44. Kg4 Nxb3 45. Qc3 Qd4+ 0-1

[Event "Erkenschwick - Münster"]
[Site "?"]
[Date "2024.04.28"]
[Round "9.8"]
[White "Langers, Alexander"]
[Black "Kamp, Christoph"]
[Result "1/2-1/2"]
[WhiteElo "2259"]
[BlackElo "2177"]
[PlyCount "40"]
[EventDate "2024.??.??"]
[SourceVersionDate "2023.09.04"]

1. e4 e6 2. d4 d5 3. exd5 exd5 4. Nf3 Bg4 5. Bd3 Nc6 6. c3 Bd6 7. O-O Nge7 8. b4 Qd7 9. a4 O-O 10. Nbd2 Rfe8 11. b5 Na5 12. Qc2 Bf5 13. Ba3 Bxa3 14. Rxa3 Bxd3 15. Qxd3 Qf5 16. Qxf5 Nxf5 17. Re1 Rxe1+ 18. Nxe1 Nd6 19. Nd3 Re8 20. Kf1 f6 1/2-1/2